| 000 | 00475 a2200169 4500 | ||
|---|---|---|---|
| 003 | NUST | ||
| 005 | 20230102134827.0 | ||
| 040 | _cNust | ||
| 082 | _a370,TAY | ||
| 100 |
_aTaylor, Stanford E. _9106641 |
||
| 245 |
_aedl Word Clues Book M / _cStanford E. Taylor, Helen Frackenpohl and Nancy Joline |
||
| 260 |
_aNew York _bEducational labortiers _c1962 |
||
| 300 | _aVariou pages | ||
| 505 | _aContents not Availble | ||
| 650 |
_aBook L _9106642 |
||
| 942 |
_2ddc _cBK _k370,TAY |
||
| 999 |
_c185774 _d185774 |
||